After the fall : 1989 and the future of freedom
Saved in:
| Other Authors: | |
|---|---|
| Format: | Book |
| Language: | English |
| Published: |
New York :
Routledge,
2001.
|
| Subjects: | |
| Tags: |
Add Tag
No Tags, Be the first to tag this record!
|
MARC
| LEADER | 00000cam a2200000 i 4500 | ||
|---|---|---|---|
| 001 | 1/48997 | ||
| 008 | 070724s2001 nyu| || |||| ||eng|| | ||
| 020 | |a 0415930251 | ||
| 035 | |l 10089071 | ||
| 040 | |a GR-MyUa |b gre |e AACR2 | ||
| 041 | 0 | |a eng | |
| 082 | 7 | |a 909.097170829 |2 (22) | |
| 245 | 0 | 0 | |a After the fall : |b 1989 and the future of freedom / |c edited by George Katsiaficas. |
| 260 | |a New York : |b Routledge, |c 2001. | ||
| 300 | |a viii, 235 σ. ; |c 24 εκ. | ||
| 504 | |a Βιβλιογραφία: σ. 203-220. Ευρετήριο. | ||
| 650 | 0 | |a World politics |y 1989- | |
| 650 | 0 | |a Post-communism. | |
| 650 | 0 | |a Liberty. | |
| 650 | 0 | |a Security, International. | |
| 650 | 0 | |a Democracy. | |
| 700 | 1 | |a Katsiaficas, George N., |d 1949- |e edt | |
| 852 | |a INST |b LESVOS |e 20070724 |h 909.097170829 AFT |p 005100041468 |q 005100041468 |t BK |y 0 | ||
| 901 | |a BIBL1-2007-2 | ||
| 922 | |a 1ΕΛΗ |b 200707 |c ΕΠΕΑΕΚ2/ΤΚ |d ΕΛΕΥΘΕΡΟΥΔΑΚΗΣ | ||
| 970 | |a ΚΑΡΑ |b ΓΙΑΣΕΜΗ |z 2007/07/24 | ||